Un mundo feliz

Shranjeno v:
Bibliografske podrobnosti
Glavni avtor: Huxley, Aldous Leonard (Author)
Format: Knjiga
Jezik:španščina
Izdano: Barcelona De Bolsillo 2001
Izdaja:2a. ed
Serija:Narrativa, 185
Teme:
Oznake: Označite
Brez oznak, prvi označite!

MARC

LEADER 00000nam a2200000 a 4500
001 UCN9633
003 CL-VaPUC
008 011221e20010500SP |||||||||||||||||spa|d
082 0 4 |a 823  |b HUX  |2 21 
100 |a Huxley, Aldous Leonard  |e author  |9 553641 
245 1 3 |a Un mundo feliz 
250 |a 2a. ed 
300 |a 254 p 
942 |c BK 
945 |d 20011221 00:00:00  |a vberengu 
260 |a Barcelona  |b De Bolsillo  |c 2001 
650 0 |a Novelas inglesas  |9 265220 
583 |a last modification  |c 20011221 00:00:00  |k Rodrigo Vera 
490 0 |a Narrativa, 185 
999 |c 298933  |d 298931